Dosa Bagai Madu Yang Beracun

Bibliographic Details
Other Authors: Drs. Md. Isa Selamat
Format: Book
Published: Kuala Lumpur : Al-Hidayah Publishers , 2001
Subjects:

MARC

LEADER 00000cam a2200000 7i4500
001 0000013771
005 20080128.0
008 080128
020 |a 9830993205 
090 0 0 |a 297.5   |b DOS 
245 1 0 |a Dosa Bagai Madu Yang Beracun   |c penyusun Drs. Md. Isa Selamat 
260 |a Kuala Lumpur :   |b Al-Hidayah Publishers ,   |c 2001 
650 0 |a Islamic ethics 
650 0 |a Kufr ( Islam ) 
650 0 |a Sin ( Islam ) 
700 0 |a Drs. Md. Isa Selamat 
999 |a 0000924583   |b Book   |c Adult Collection   |e Cawangan Bukit Gambir 
999 |a 0000933144   |b Book   |c Adult Collection   |e Cawangan Tangkak 
999 |a 0001005528   |b Book   |c Adult Collection   |e Perbadanan Perpustakaan Awam Johor 
999 |a 0001005529   |b Book   |c Adult Collection   |e Perbadanan Perpustakaan Awam Johor 
999 |a 0001005530   |b Book   |c Adult Collection   |e Perbadanan Perpustakaan Awam Johor